French National Football Team By Photos - Euro 2024 - Statistics

General Stats
  • This quiz has been taken 94 times
  • The average score is 21 of 25
Answer Stats
Picture Answer % Correct
Adrien Rabiot
96%
Antoine Griezmann
96%
Benjamin Pavard
95%
Kylian Mbappé
95%
Olivier Giroud
95%
Ousmane Dembélé
95%
Eduardo Camavinga
94%
N'Golo Kanté
94%
William Saliba
94%
Jules Koundé
93%
Mike Maignan
92%
Theo Hernández
92%
Dayot Upamecano
90%
Kingsley Coman
89%
Aurélien Tchouaméni
88%
Randal Kolo Muani
86%
Bradley Barcola
85%
Alphonse Areola
80%
Marcus Thuram
80%
Ferland Mendy
76%
Warren Zaïre-Emery
76%
Ibrahima Konaté
71%
Brice Samba
63%
Jonathan Clauss
54%
Youssouf Fofana
45%
No matching quizzes found
Score Distribution
Percent of People with Each Score
Percentile by Number Answered
Your Score History
You have not taken this quiz